00310nam a2200121Ia 4500008004000000082001700040100001700057245002300074250000500097260004400102300001500146650002700161210210b1979 xxu||||| |||| 00| 0 eng d a657.046 NAYA aNAYAK (K R). aAdvanced accounts. a aBangalore.bJanaganga Prakashana,c1979 aviii,21,10 aAdvanced accountancy